[Event "82nd Armenian Men Championship 2022"]
[Site "Yerevan"]
[Date "2022.01.17"]
[Round "6.3"]
[White "Petrosian, Tigran L."]
[Black "Ter-Sahakyan, Samvel"]
[Result "0-1"]
[WhiteElo "2573"]
[BlackElo "2637"]
[Annotator "TA"]
[PlyCount "68"]
[EventDate "2022.01.12"]
[EventType "tourn"]
[EventCountry "ARM"]
[SourceTitle "playchess.com"]
[Source "ChessBase"]
[SourceQuality "1"]

{[%evp 9,68,-44,-62,-104,-94,-112,-104,-163,-141,-139,-72,-71,-57,-56,-48,-56,-63,-54,-36,-29,-31,-87,-41,-34,-43,-50,-50,-51,-52,-51,-44,-38,-51,-38,-45,-66,-79,-92,-88,-89,-86,-97,-96,-91,-94,-120,-100,-140,-140,-141,-148,-156,-127,-236,-220,-232,-235,-711,-660,-601,-505]} 1. d4 Nf6 2. c4 e6 3. g4 Nxg4 4. e4 {[#]} f5 $146 ({Predecessor:} 4... Nf6 5. e5 Ng8 6. Bd3 Ne7 7. Nf3 g6 8. h4 h5 9. Nc3 d5 10. exd6 Qxd6 11. Ne4 Qb4+ 12. Bd2 Qxb2 13. Rb1 Qa3 14. Nf6+ Kd8 15. Rb3 Qa6 16. Ne5 {1-0 (16) Krasenkova,I (2081)-Hoffman,S (1659) Dos Hermanas 2004}) 5. Nc3 {[%cal Bb1c3,Bc3e4,Be4g5][%mdl 32]} Nc6 6. Nf3 {Prevents Qh4. A50: Queen's Fianchetto Defence (1 d4 Nf6 2 c4 b6).} (6. Bf4 $15) 6... fxe4 $17 7. Nxe4 Bb4+ 8. Bd2 (8. Nc3 $17) 8... d5 $19 9. Neg5 ({Don't blunder} 9. Bxb4 $2 dxe4 10. Bc5 exf3 $19) 9... Bxd2+ (9... O-O $142 10. Bxb4 Nxb4) 10. Qxd2 $17 h6 (10... O-O {with more complications.} 11. Rg1 Nh6 12. Ne5 Nf5 13. Nxc6 bxc6 14. O-O-O Qf6) 11. Rg1 $1 {[#]} Nxh2 12. Nxh2 {And now Ngf3 would win.} hxg5 13. Ng4 Qd6 (13... O-O $5 {[%cal Rf8f4]} 14. O-O-O Rf4 $17) 14. O-O-O Qf4 15. Ne3 (15. Ne5 $15) 15... Bd7 (15... Rh4 $17 {[%cal Rc6d4]} 16. Nc2 Bd7 17. Rxg5 O-O-O 18. cxd5 exd5 19. Qxf4 Rxf4) 16. cxd5 $15 exd5 17. Nxd5 Qxd2+ 18. Rxd2 O-O-O {Hoping for ...Be6.} 19. Ne3 g4 20. Be2 Rh4 21. b3 a5 22. Nxg4 Be6 $1 23. d5 Rxd5 24. Ne3 Rc5+ 25. Kb2 g5 26. Bf3 Ne5 27. Bd1 c6 28. Re1 Rf4 {[%cal Of4f2] Black is much more active.} 29. Nc2 Bf5 {[#] aiming for ...Nd3+.} 30. Re3 {To avoid Nd3+} Kc7 31. Nd4 (31. Ne1 $17 {keeps fighting.}) 31... Rd5 $19 32. Kc3 b5 {[%cal Bb7b5,Bb5b4][%mdl 32] White must now prevent ...b4+.} 33. Ne6+ $2 (33. Nxf5 b4+ 34. Kc2 Rxf5 35. Rxd5 cxd5 36. Kd2) 33... Bxe6 34. Rxd5 b4+ {Weighted Error Value: White=0.27 (precise) /Black=0.07 (flawless)} (34... cxd5 $2 {loses.} 35. Rxe5 Kd6 36. Rxg5 $17) 0-1

[Event "82nd Armenian Men Championship 2022"]
[Site "Yerevan"]
[Date "2022.01.17"]
[Round "6.4"]
[White "Petrosyan, Manuel"]
[Black "Gabuzyan, Hovhannes"]
[Result "1-0"]
[WhiteElo "2620"]
[BlackElo "2589"]
[Annotator "TA"]
[PlyCount "85"]
[EventDate "2022.01.12"]
[EventType "tourn"]
[EventCountry "ARM"]
[SourceTitle "playchess.com"]
[Source "ChessBase"]
[SourceQuality "1"]

{[%evp 9,85,43,46,44,47,45,44,45,52,54,71,70,87,66,81,84,83,78,66,73,81,66,59,41,49,42,43,36,44,40,176,182,177,164,173,158,352,348,347,344,325,323,509,416,556,537,535,527,674,656,789,782,702,516,588,590,741,729,704,711,683,688,634,631,883,850,858,850,1333,1324,4770,4770,29968,29967,29965,29963,29980,29980]} 1. d4 Nf6 2. Nf3 c5 3. d5 a6 4. a4 e6 5. c4 Bd6 6. Nc3 {[%cal Bb1c3,Bc3e2,Be2g3][%mdl 32] A43: Schmid Benoni.} Bc7 7. e4 {aiming for e5.} d6 {To avoid e5} 8. Bd3 {[#] White is slightly better.} e5 $146 ({Predecessor:} 8... O-O 9. h3 Ba5 10. O-O Re8 11. Qc2 e5 12. Kh2 Nbd7 13. Ne2 Nf8 14. Ng3 Ng6 {1-0 (40) Ondersteijn,N (2349)-Milov,L (2465) Deizisau 2015}) 9. O-O Ba5 10. Ne2 Bg4 11. Ng3 (11. Ne1 {with more complications.} Nbd7 12. Nc2 Nf8 13. Ne3 Bc8 14. Ng3) 11... Nbd7 12. h3 Bxf3 13. Qxf3 {Black must now prevent Nf5.} g6 {Prevents Nf5.} 14. Bh6 Qe7 15. Ne2 O-O-O 16. g4 {[%cal Bg2g4,Bg4g5][%mdl 32]} Ne8 17. Kg2 Ndf6 18. h4 Ng8 19. Be3 h5 (19... Ngf6 $14) 20. g5 $18 f6 21. Qh3+ Kb8 22. f4 exf4 $2 {This costs Black the game.} (22... fxg5 $16 23. hxg5 (23. fxg5 Rh7 $16) 23... exf4 24. Bxf4 h4) 23. Nxf4 (23. Bxf4 Qg7 24. Rab1 Rh7 $18) 23... fxg5 24. Nxg6 Qg7 25. e5 ({Much less strong is} 25. Nxh8 g4 26. Qg3 Qxb2+ 27. Kh1 Qxh8) 25... Rh6 (25... gxh4 $142 26. Kh1 dxe5 27. Nxh8 Ngf6 28. Bxc5 Qxh8) 26. Qf5 Rxg6 27. Qxg6 Qxe5 28. Bxg5 {Active counter play!} Nef6 29. Rxf6 ({And not} 29. Bxf6 Nxf6 30. Qxf6 Rg8+ 31. Bg6 (31. Kh1 Qg3 $17) 31... Qe4+ 32. Qf3 Rxg6+ 33. Kh3 Qe5 $11) 29... Ne7 30. Qe4 Qxb2+ 31. Rf2 Qxa1 32. Qxe7 Qxa4 33. Rf8 Qa2+ 34. Kf3 {[%cal Bg2f3,Bf3e4,Be4f5,Bf5f6,Bf6f7][%mdl 32]} Rxf8+ 35. Qxf8+ Ka7 36. Qxd6 {[#] Bf4 would kill now.} Qb3 37. Ke4 Qd1 38. Bf4 {White wants to mate with Qb8+.} Qh1+ 39. Kf5 {Intending Qb8+ and mate.} Qh3+ 40. Kf6 {[#] White threatens Qb8+ and mate.} Qc8 {Inhibits Qb8+.} 41. Kf7 {White mates.} Bc3 42. Qc7 Qh8 43. Qxc5+ {Weighted Error Value: White=0.13 (very precise) /Black=0.37} 1-0

[Event "82nd Armenian Men Championship 2022"]
[Site "Yerevan"]
[Date "2022.01.17"]
[Round "6.5"]
[White "Martirosyan, Haik M."]
[Black "Harutyunyan, Tigran K."]
[Result "0-1"]
[WhiteElo "2621"]
[BlackElo "2552"]
[Annotator "TA"]
[PlyCount "88"]
[EventDate "2022.01.12"]
[EventType "tourn"]
[EventCountry "ARM"]
[SourceTitle "playchess.com"]
[Source "ChessBase"]
[SourceQuality "1"]

{[%evp 13,88,22,12,17,38,20,26,8,12,11,20,17,18,25,26,17,25,14,14,0,0,0,6,0,0,0,0,-22,0,0,0,0,0,-98,-96,-123,-115,-123,-114,-113,-109,-106,-95,-179,-180,-168,-180,-172,-168,-199,-189,-286,-149,-143,-133,-263,-263,-237,-236,-233,-230,-301,-301,-295,-301,-379,-396,-400,-372,-385,-366,-345,-350,-550,-531,-466,-418]} 1. d4 Nf6 2. c4 e6 3. Nc3 Bb4 4. Qc2 d5 5. cxd5 exd5 6. Bg5 h6 7. Bh4 {7.Bh4 is better than 7.Bxf6.} O-O 8. e3 {E35: Nimzo-Indian: Classical: 4...d5 5 cxd5 exd5.} c5 9. dxc5 Be6 10. Nf3 {White has an edge.} (10. a3 $5 {[%cal Ra3b4]} Bxc5 11. Nf3 $11) 10... Nbd7 11. Bd3 Rc8 12. O-O Nxc5 13. Ne2 {[#]} g5 $5 $146 {[%mdl 8] New and interesting.} ({Predecessor:} 13... Nce4 14. Qb3 Qb6 15. Bxf6 Nxf6 16. Ned4 Bc5 17. Qxb6 Bxb6 18. h3 Rfd8 19. Rfd1 Kf8 {½-½ (49) Jobava,B (2588)-Grischuk,A (2764) Warsaw 2021}) 14. Bg3 Nfe4 15. Nfd4 Bd7 16. a3 Ba5 17. Bxe4 dxe4 18. b4 Nd3 19. Qb3 Bb6 20. Qd5 Bc6 (20... Re8 $5 {[%cal Rd7g4]}) 21. Qf5 ({But not} 21. Nxc6 Rxc6 22. Qf5 (22. Qxe4 $2 f5 $19) 22... Re8 $15) 21... Re8 22. Qh3 Qf6 23. Qh5 (23. Qf5 $11 {keeps the balance.} Qd8 24. Qh3) 23... Bd7 $17 24. Rad1 Kg7 25. f3 {And now fxe4 would win.} Qg6 ({Don't play} 25... Bxd4 $6 26. Nxd4 Qg6 27. Qxg6+ Kxg6 28. fxe4 $11) 26. Qxg6+ Kxg6 27. fxe4 Nb2 {Active counter play!} 28. Rd2 (28. Rc1 $17 {was called for.}) 28... Nc4 $19 29. Rd3 Rxe4 30. Bf2 {[#]} Rce8 $1 $36 {[%cal Rc4e3][%mdl 2048] Black is in control.} 31. Nc2 Ba4 {A strong pair of Bishops.} 32. Ned4 (32. Ncd4 $142 Nxe3 33. Nc3 Nxf1 34. Nxe4 Rxe4 35. Kxf1) 32... Bxd4 (32... f5 $19 {aiming for ...Ne5.} 33. Rc3 Nd2) 33. Nxd4 $17 Nxe3 34. Rc1 {[#]} (34. Re1 $17 {was necessary.} Ng4 35. Rxe4 Rxe4 36. h3 Nxf2 37. Kxf2) 34... Ng4 $1 $19 35. Nf3 Nxf2 36. Kxf2 Re2+ 37. Kg3 Bc6 38. h4 f6 39. hxg5 hxg5 40. Rcd1 a6 41. R1d2 Rxd2 42. Rxd2 Re3 43. Ra2 (43. Kf2 $142 Rxa3 44. Nd4) 43... Rb3 44. Kf2 Bxf3 {Weighted Error Value: White=0.28 (precise) /Black=0.05 (flawless)} 0-1

[Event "82nd Armenian Men Championship 2022"]
[Site "Yerevan"]
[Date "2022.01.17"]
[Round "6.6"]
[White "Sargsyan, Shant"]
[Black "Mikaelyan, Arman"]
[Result "1-0"]
[WhiteElo "2628"]
[BlackElo "2508"]
[Annotator "TA"]
[PlyCount "97"]
[EventDate "2022.01.12"]
[EventType "tourn"]
[EventCountry "ARM"]
[SourceTitle "playchess.com"]
[Source "ChessBase"]
[SourceQuality "1"]

{[%evp 11,97,29,16,33,26,9,12,9,12,11,8,0,0,0,0,0,0,-32,-15,-23,0,-3,-4,-10,0,-11,-8,-8,-10,-14,0,0,18,19,22,13,13,6,17,18,25,2,25,35,35,30,58,23,44,33,30,33,33,33,33,33,33,33,33,33,41,27,11,13,63,0,0,-8,0,0,215,204,214,214,214,208,462,430,568,546,527,515,746,746,746,739,29965,29964]} 1. e4 c5 2. Nf3 Nc6 3. Bb5 e6 4. O-O Nge7 5. Re1 Ng6 6. c3 d5 7. exd5 {B30: Sicilian: 2...Nc6 3 Bb5, lines without ...g6.} Qxd5 8. d4 cxd4 9. c4 {The position is equal.} Qd6 10. Nxd4 Bd7 11. Bxc6 Bxc6 12. Nc3 {[%cal Bb1c3,Bc3b5,Bb5d4,Bd4b3,Bb3a5,Ba5c4][%mdl 32]} (12. Nxe6 $2 fxe6 13. Nc3 Qxd1 14. Rxd1 Bc5 $19) 12... Be7 13. Be3 {[#]} O-O $146 ({Predecessor:} 13... a6 14. Qh5 O-O 15. Rad1 Qc7 16. Nb3 Bf6 17. Qa5 Rac8 18. Qxc7 Rxc7 19. Bd4 Be7 {½-½ (25) Seyb,A (2411)-Rogozenco,D (2483) Germany 2017}) 14. c5 Qc7 (14... Qxc5 15. Nxe6 $1 {[%mdl 512]} Qf5 16. Nxf8 $14) 15. Ncb5 Qd7 16. Nxc6 Qxc6 17. Nd4 Qd5 18. Qb3 (18. Nf3 $5 {[%cal Rd1d5]}) 18... Qxb3 19. Nxb3 Rfc8 20. Rac1 Rc7 21. Na5 f5 22. b4 b6 23. Nc4 bxc5 24. b5 Bf6 25. a4 {[%mdl 1024] White has compensation.} Bd4 26. h4 h5 27. a5 Rb8 28. Rb1 f4 {[#]} (28... Nxh4 $2 29. Bf4 e5 30. Bxe5 Bxe5 31. Rxe5 $18) 29. b6 $1 axb6 {[#]} (29... fxe3 30. bxc7) 30. Rxb6 $1 Ra8 (30... Rxb6 31. axb6 fxe3 32. fxe3 $18) (30... Rd8 31. Bd2) 31. Bd2 Nxh4 32. Bxf4 Rf7 33. Re4 e5 34. Be3 (34. Nxe5 Re7 $11) 34... Nf5 35. Bxd4 exd4 36. Re5 d3 (36... Rc8 37. Rd5 $16) 37. Rxc5 Rd8 {To avoid Rd5} (37... Nd4 $11) 38. Rb2 (38. Nd2 $14) 38... Nd4 $11 39. f3 ({Don't play} 39. Rxh5 Rc7 40. Ne3 Rc1+ 41. Kh2 d2 42. Rxd2 Nf3+ $1 43. gxf3 Rxd2 $17) 39... Re7 40. a6 {[%cal Ba5a6,Ba6a7][%mdl 32]} Nc2 $2 (40... Re1+ $11 {and Black is okay.} 41. Kf2 Ra1) 41. Rb7 $18 (41. Rxh5 d2 42. Nxd2 Rxd2 $14) 41... Rf7 42. Rxf7 Kxf7 {[%mdl 4096] Endgame [#] KRN-KRN} 43. a7 $1 {Hoping for Ne5+.} Nb4 $2 (43... Ra8 {is a better defense.} 44. Rc7+ (44. Rxh5 Rxa7 45. Ne5+ Kf6 $14) 44... Ke6) 44. Kf1 {[%cal Oc5c8] Rc8! is the strong threat.} d2 {[#]} 45. Nxd2 {[%mdl 512]} Ra8 46. Rc7+ Ke6 47. Nc4 Nd5 48. Rxg7 Ne7 {[#]} 49. Rxe7+ $1 {Weighted Error Value: White=0.07 (flawless) /Black=0.45} 1-0

[Event "82nd Armenian Men Championship 2022"]
[Site "Yerevan"]
[Date "2022.01.19"]
[Round "7.1"]
[White "Shahinyan, David"]
[Black "Petrosian, Tigran L."]
[Result "0-1"]
[WhiteElo "2486"]
[BlackElo "2573"]
[Annotator "TA"]
[PlyCount "68"]
[EventDate "2022.01.12"]
[EventType "tourn"]
[EventCountry "ARM"]
[SourceTitle "playchess.com"]
[Source "ChessBase"]
[SourceQuality "1"]

{[%evp 11,68,15,20,8,26,18,20,0,0,4,14,6,0,3,28,0,-8,-4,-11,-8,-1,-82,-71,-146,-132,-147,-139,-434,-427,-481,-442,-442,-146,-138,-151,-245,-246,-230,-161,-408,-419,-624,-585,-500,-505,-502,-491,-29970,-29971,-29971,-29972,-29972,-29973,-2987,-2814,-2556,-2639,-2570,-2498]} 1. e4 e5 2. Nf3 {[%cal Bg1f3,Bf3e5,Be5d3,Bd3f4][%mdl 32]} Nf6 3. Nc3 Bb4 4. Nxe5 O-O 5. Nd3 Bxc3 6. dxc3 Nxe4 7. Nf4 {C42: Petroff Defence: 3 Nxe5 and unusual White 3rd moves.} Re8 {White must now prevent ...Nxc3+.} 8. Be3 d6 9. Qf3 {The position is equal.} Nd7 10. O-O-O Ndf6 {And now ...Bg4 would win. Pair of Knights!} 11. h3 {Inhibits Bg4.} Bd7 {[#]} 12. c4 $146 ({Predecessor:} 12. Bd3 Bc6 13. Nh5 Nxh5 14. Qxh5 Re5 15. Qe2 Qe7 16. Bxe4 Rxe4 17. Qd2 Re8 18. Rhe1 {0-1 (52) Hamad,E (1793)-Hilwani,T (2274) Sharjah 2018}) 12... Bc6 {[%cal Oe4c3]} 13. Nd5 {Prevents Nc3.} (13. Bd4 {looks sharper.} h6 14. Be2 Ng5 15. Qg3 Nfe4 16. Qh4) 13... Bxd5 14. cxd5 c6 15. Bc4 b5 $36 {[%mdl 2048] Black is pushing.} 16. Bb3 (16. Bd3 $11) 16... c5 $17 (16... cxd5 17. Rxd5 Qd7 18. Qf5 $11) (16... Nxd5 17. Rxd5 (17. Bxd5 cxd5 18. Rxd5 a6 $11) 17... cxd5 18. Bxd5 $16) 17. c3 (17. c4 $142) 17... a5 $1 {Threatens to win with ...a4.} 18. Bc2 a4 {Strongly threatening ...a3.} 19. Rhe1 $2 {[%mdl 8192] This costs White the game.} (19. Bd2 $17 {is a better defense.}) 19... a3 $19 {...axb2+ is the strong threat.} 20. Bf4 {[%cal Rc2e4]} axb2+ 21. Kxb2 {[%cal Rc2e4] [#]} b4 $1 22. cxb4 $17 {[%cal Rc2e4]} ({Not} 22. Rxe4 $2 Nxe4 23. Bxe4 bxc3+ 24. Qxc3 Rxe4 $19) 22... Qb6 23. Qb3 (23. Bxe4 $17 Qxb4+ 24. Qb3) 23... cxb4 $19 24. Be3 Nc5 25. Qc4 $2 {[#]} (25. Bxc5 Qxc5 26. Rxe8+ Rxe8 27. Qf3) 25... Rec8 $1 26. Bb3 (26. Kb1 $142 Qa5 27. Bxc5 Rxc5 28. Qb3) 26... Qa5 27. Bxc5 Rxc5 ({Stronger than} 27... Qxc5 28. Qxc5 Rxc5 29. Re7 $14) 28. Qe2 Rc3 {[%cal Oc3b3] ( -> ...Rxb3+!)} 29. Rd3 {[#]} (29. Bc4 $19) 29... Rxb3+ $1 {[%mdl 512]} 30. axb3 Qa2+ 31. Kc1 Rc8+ 32. Kd1 Qb1+ {Black is clearly winning.} 33. Kd2 Qc2+ 34. Ke3 Re8+ {Weighted Error Value: White=0.62/Black=0.16 (very precise)} 0-1

[Event "82nd Armenian Men Championship 2022"]
[Site "Yerevan"]
[Date "2022.01.19"]
[Round "7.2"]
[White "Mikaelyan, Arman"]
[Black "Martirosyan, Haik M."]
[Result "0-1"]
[WhiteElo "2508"]
[BlackElo "2621"]
[Annotator "TA"]
[PlyCount "110"]
[EventDate "2022.01.12"]
[EventType "tourn"]
[EventCountry "ARM"]
[SourceTitle "playchess.com"]
[Source "ChessBase"]
[SourceQuality "1"]

{[%evp 13,110,0,0,0,0,0,0,0,0,0,0,0,0,0,0,0,0,0,0,0,0,0,0,0,12,12,16,0,13,7,20,19,9,0,0,0,0,0,0,0,0,0,0,0,0,0,0,0,0,0,716,702,614,0,0,0,0,0,0,0,0,0,0,0,-5,-71,-71,-112,-112,-114,-114,-241,-235,-256,-254,-247,-254,-266,-220,-272,-255,-241,-184,-301,-301,-292,0,-4,-1,-29970,-29971,-29982,-29983,-29988,-29989,-29989,-29983,-29996,-29997]} 1. d4 Nf6 2. c4 e6 3. Nc3 Bb4 4. Qc2 O-O 5. e4 {[%cal Be2e4,Be4e5][%mdl 32]} d5 6. e5 Ne4 7. Bd3 c5 $1 8. Nf3 {E32: Nimzo-Indian: Classical (4 Qc2): 4...0-0.} cxd4 9. Nxd4 Nd7 10. Bf4 {The position is equal.} Qh4 11. g3 Qh5 12. O-O g5 13. cxd5 Bxc3 14. bxc3 {[%cal Od5e6]} exd5 15. Be3 {[%cal Bf4e3,Be3d4,Bd4c5][%mdl 32] is recently more successful than 15.Bxe4.} Nxe5 16. f3 {Prevents Ng4.} (16. Bxe4 dxe4 17. Qxe4 Re8 $11) 16... Nc5 17. Bf5 Ne6 18. Rae1 Nxd4 19. Bxd4 Nc6 20. Bc5 {[%mdl 1024] [#] White has compensation. A strong pair of Bishops.} Rd8 $5 $146 {[%mdl 8] An interesting novelty.} ({Predecessor:} 20... Bxf5 21. Qxf5 Rfe8 22. Rxe8+ Rxe8 23. Qd7 Re2 24. Qc8+ Kg7 25. Qf8+ Kg6 26. Qg8+ Kf6 27. Qh8+ Kg6 28. Qg8+ Kf6 29. Qh8+ Kg6 30. Qg8+ {½-½ (30) Mamedyarov,S (2767)-Navara,D (2717) Batumi 2019}) 21. Bd3 Be6 22. Qd2 Re8 23. h4 Bh3 24. g4 Qxh4 25. Bf2 Qh6 26. Rxe8+ Rxe8 27. Re1 $36 {[%mdl 2048] White fights for an advantage.} Ne5 28. Re3 Re6 29. Bf5 {[%csl LRd5,LRe6]} Nc4 {[%csl LRd2,LRe3]} 30. Rxe6 $1 fxe6 (30... Nxd2 $2 31. Rxh6 Nxf3+ 32. Kh1 $18) 31. Qd4 {[%cal Od4c5]} exf5 $4 {[%mdl 8192]} (31... b6 $11) 32. Qxd5+ $18 Kf8 33. Qxc4 $2 ({Only move:} 33. Qd8+ $1 $18 Kf7 34. Qd7+ Kg8 35. Bc5) 33... Qc6 $11 34. Bc5+ Kg7 35. Bd4+ Kf8 36. Bc5+ Kg7 37. Bd4+ Kf8 38. Qe2 {Threatens to win with Kh2.} Qd6 39. Qf2 (39. Kh1 $11) 39... b6 $17 (39... fxg4 $2 40. Bc5 Qxc5 41. Qxc5+ $18) 40. Be3 {[#]} (40. c4 $142) 40... Qd1+ $1 (40... fxg4 $2 41. fxg4+ Ke7 42. Qf3 $18 (42. Bxg5+ Kd7 $14)) 41. Kh2 {[#]} f4 $1 {Black is more active.} 42. Bd4 (42. Qd2 $17 Qxd2+ 43. Bxd2) 42... Bf1 $19 43. a4 Bc4 {[%cal Oh7h5]} 44. a5 Bd5 {[%cal Oh7h5] ...h5! is the strong threat.} (44... bxa5 45. Bf6 Qd6 46. Bxg5 $17) 45. Kg2 h5 46. Qf1 Qc2+ 47. Qf2 Qh7 {Strongly threatening ...hxg4.} 48. Bc5+ (48. c4 {might work better.} Bc6 49. gxh5 Qxh5 50. axb6) 48... Kf7 {And now ...hxg4 would win.} ({Inferior is} 48... bxc5 49. Qxc5+ Qe7 50. Qxd5 Qe2+ 51. Kg1 $11 (51. Kh3 Qf1+ 52. Kh2 Qf2+ 53. Kh1 Qh4+ 54. Kg1 Qe1+ 55. Kg2 Qe2+ 56. Kh3 Qf1+ 57. Kh2 hxg4 $11)) 49. Qd2 Ke6 ({Don't play} 49... bxc5 50. Qxd5+ Kf6 51. Qd6+ Kf7 52. Qd7+ Kg8 53. Qc8+ Kg7 54. Qxc5 Qc2+ 55. Kh3 hxg4+ 56. Kxg4 $18) (49... Be6 $19 50. axb6 axb6 51. Bxb6 hxg4 52. fxg4 Qe4+ 53. Kf2 Bxg4 54. Qa2+ Kg7 55. Bd4+ Kh6 56. Qa6+ Kh5) 50. Qe2+ $11 Kd7 {Hoping for ...hxg4.} 51. Qe5 $2 {[%mdl 8192]} Qd3 {Black mates.} 52. Qe7+ Kc6 53. Bf2 Qxf3+ 54. Kf1 Qh1+ 55. Ke2 Bf3+ {Black used his chance.  Weighted Error Value: White=0.38/Black=0.12 (very precise)} 0-1

[Event "82nd Armenian Men Championship 2022"]
[Site "Yerevan"]
[Date "2022.01.19"]
[Round "7.3"]
[White "Gharibyan, Mamikon"]
[Black "Petrosyan, Manuel"]
[Result "0-1"]
[WhiteElo "2467"]
[BlackElo "2620"]
[Annotator "TA"]
[PlyCount "186"]
[EventDate "2022.01.12"]
[EventType "tourn"]
[EventCountry "ARM"]
[SourceTitle "playchess.com"]
[Source "ChessBase"]
[SourceQuality "1"]

{[%evp 23,186,22,22,20,29,25,18,18,20,25,25,18,29,14,33,37,53,50,128,33,32,15,23,25,45,38,56,48,59,29,40,14,12,0,0,-33,-44,-32,-18,-14,0,-20,-18,-4,11,8,51,0,0,0,0,0,0,-3,-5,-5,-6,-6,-6,-6,-6,-112,-129,-179,-108,-127,-122,-122,-137,-142,-184,-193,-96,-96,-96,-96,-96,-96,-96,-96,-96,-96,-96,-96,-96,-96,-96,-96,-96,-96,-96,-96,-96,-96,-96,-96,-96,-96,-96,-96,-96,-96,-96,-96,-96,-96,-96,-96,-96,-96,-96,-96,-96,-96,-96,-96,-96,-96,-96,-96,-96,-96,-70,-118,-115,-115,-115,-115,-115,-115,-115,-115,-115,-115,-115,-115,-115,-115,-115,-115,-115,-115,-115,-115,-115,-115,-115,-115,0,-115,-115,-115,-115,-115,-115,-115,-115,-115,-115,-183,-135,-1023,-986,-800,-381]} 1. d4 Nf6 2. c4 e6 3. Nf3 d5 4. g3 dxc4 5. Bg2 c5 6. O-O Nc6 7. dxc5 Qxd1 8. Rxd1 Bxc5 9. Nbd2 c3 10. bxc3 {[%cal Bb2c3,Bc3c4][%mdl 32]} O-O 11. Nb3 Be7 12. c4 Bd7 13. Bb2 {E04: Open Catalan: 5 Nf3.} Rfc8 14. c5 Be8 15. Nfd2 {The position is equal.} b6 16. cxb6 axb6 17. Nc4 Rab8 {[#]} 18. Rac1 $146 ({Predecessor:} 18. Nd6 Bxd6 19. Rxd6 Na5 20. Nxa5 bxa5 21. Be5 Rb4 22. Rad1 h6 23. Bf3 Kh7 24. Rd8 {1-0 (63) Predke,A (2666)-Tari,A (2646) Riga 2021}) 18... Nb4 19. Be5 $1 Nxa2 {[#] Threatens to win with ...Ba4.} 20. Ra1 $1 b5 (20... Ba4 21. Ncd2) 21. Nca5 ({Reject} 21. Rxa2 $6 bxc4 22. Bxb8 cxb3 $11) ({Only move:} 21. Nd6 $16 Bxd6 22. Bxd6 (22. Rxd6 Nb4 $11)) 21... Nc3 $14 22. Re1 Rb6 23. Bb7 Rxb7 24. Nxb7 Nfe4 {Inhibits Nd6.} 25. f3 f6 26. Bd4 (26. Bxc3 $5 Nxc3 27. Ra6 $14) 26... e5 {[%cal Ob5b4]} 27. Be3 Bf7 28. N7a5 Nd5 {[%cal Bc3d5,Bd5b4,Bb4a2][%mdl 32]} 29. Rac1 Nec3 {[%mdl 1024] Black has compensation.} 30. Bf2 Nb4 31. Kg2 {[%cal Of2c5]} Bd8 32. Red1 {[%cal Oc1c3]} Nba2 33. Rc2 Ra8 34. Rd7 {[%cal Oc2d2] Hoping for Rcd2!} Be6 ({Don't do} 34... Bg6 35. Rxa2 $1 {[%mdl 512]} Nxa2 36. Nc6 $16) (34... h5 $11) 35. Rd6 (35. Ra7 $1 $14 Rxa7 36. Bxa7) 35... Kf7 $1 $11 (35... Bf7 $2 36. Rcd2 $1 Bc7 37. Rd7 $1 Bxa5 38. Nxa5 $18) 36. Bb6 Be7 37. Rc6 Ra6 $36 {[%mdl 2048] White is under pressure.} 38. e4 {[#] Inhibits Bd5.} Nb4 $1 39. R2xc3 {[%cal Oc6e6] Strongly threatening Rxe6!} Nxc6 40. Rxc6 Bxb3 41. Nxb3 Bd8 {[%mdl 64] Pin} 42. Rd6 Bxb6 $17 {[%mdl 4096] Endgame KRB-KRN} 43. h4 (43. Nc1 $17) 43... h5 (43... Ra2+ $19 44. Kh3 Bg1) 44. Kh3 {[%cal Ob3c5] [#]} Ra3 $1 45. Rxb6 Rxb3 {KR-KR} 46. Kg2 Rb2+ (46... b4 $17 47. Rb7+ Kf8 48. Rb8+ Ke7 49. Rb7+ Kd6 50. Rxg7 Rb2+ 51. Kg1 Kc5) 47. Kh3 $19 Rf2 (47... b4 $19 {...b3 is the strong threat.} 48. Rb7+ Kg6) 48. Rxb5 $17 Rxf3 49. Rb7+ Kg6 50. Kg2 Re3 51. Rb4 Rd3 {White must now prevent ...Rd4.} 52. Rb7 Rd8 53. Kf3 Rf8 54. Re7 Rf7 55. Re8 Ra7 56. Rh8 Ra3+ 57. Kf2 Rd3 58. Ra8 Rd4 59. Kf3 Rd6 60. Rh8 Rd7 61. Kf2 Rf7 62. Ke3 Rb7 63. Kf3 Rb3+ 64. Kf2 Rc3 65. Rb8 Kh7 66. Rf8 Rc6 67. Rf7 Rc8 68. Ra7 Rf8 69. Kf3 Kg8 70. Rc7 Rf7 71. Rc8+ Kh7 72. Re8 g6 73. g4 ({Better is} 73. Kg2 $15) 73... Kh6 74. gxh5 gxh5 75. Rh8+ Kg6 76. Rg8+ Kh7 77. Re8 Ra7 78. Rb8 Rg7 {And now ...Rg4 would win.} 79. Rb6 Kg6 80. Rb8 Ra7 81. Rg8+ Kf7 82. Rb8 Ra1 83. Kg2 {Prevents Rf1.} Rd1 84. Ra8 Rd7 85. Rb8 Ra7 (85... Kg7 $17 86. Kg3 Rd4) 86. Rc8 (86. Kf3 $1 $11) 86... Ra6 87. Rb8 Re6 88. Rh8 Kg6 $1 89. Rg8+ Kh7 $1 90. Rc8 Re7 91. Rf8 {[#]} (91. Kf3 $17 {is a better defense.}) 91... Rg7+ $1 $19 92. Kf2 $2 {[%mdl 8192] [#]} (92. Kh3 $17) 92... Rg6 $1 93. Ra8 Rg4 $1 {[%csl LRe4,LRh4] Weighted Error Value: White=0.15 (very precise) /Black=0.08 (flawless)} 0-1